| Record ID | ia:echoesofwar0000barr_w0a2 |
| Source | Internet Archive |
| Download MARC XML | https://archive.org/download/echoesofwar0000barr_w0a2/echoesofwar0000barr_w0a2_marc.xml |
| Download MARC binary | https://www.archive.org/download/echoesofwar0000barr_w0a2/echoesofwar0000barr_w0a2_meta.mrc |
LEADER: 00685cam a2200241M 4500
001 on1048220442
003 OCoLC
005 20191109071518.8
008 961118s1918 vp 000 0 eng d
040 $aERR$beng$cERR$dOCLCQ
035 $a(OCoLC)1048220442
049 $aMAIN
100 1 $aBarrie, James Mathew,$cSir, bart.,$d1860-
245 10 $aEchoes of the war.
260 $aLondon ;$aNew York :$bToronto,$cHodder and Stoughton,$c©1918.
300 $a168 pages
336 $atext$btxt$2rdacontent
337 $aunmediated$bn$2rdamedia
338 $avolume$bnc$2rdacarrier
590 $bInternet Archive - 2
590 $bInternet Archive 2
994 $a92$bERR
976 $a31927000415452